00317nam a22001457a 450000500170000002000180001704100120003508200160004710000240006324500340008725000070012126000240012830000080015236500110016020260617152352.0 a9788199181946 aEnglish aT16 R25 STE aStephen Jeyaseela S aThunigal Sayamiduthal Pesuthu a01 aChennaibNCBHc2025 a144 b130.00